Statistics for twenty one pilots Charting Songs (Billboard Hot 100)

Click here to take the quiz!

General Stats

  • This quiz has been taken 15 times
    (7 since last reset)
  • The average score is 8 of 10

Answer Stats

AlbumWeeks OnPeakSong% Correct
Blurryface52 Weeks#2Stressed Out
100%
Suicide Squad: The Album39 Weeks#2Heathens
100%
Blurryface39 Weeks#5Ride
100%
Trench4 Weeks#50Jumpsuit
86%
Trench2 Weeks#79Nico and the Niners
86%
Trench1 Week#81My Blood
86%
Non-Album Single11 Weeks#23Level of Concern
71%
Blurryface8 Weeks#82Tear In My Heart
71%
Rock Sound Presents: The Black Parade1 Week#91Cancer
71%
Blurryface1 Week#84Fairly Local
43%

Score Distribution

Percentile by Number Answered

Percent of People with Each Score

Your Score History

You have not taken this quiz since the last reset